000 00231nam a2200097Ia 4500
001 903587
005 20250826184915.0
008 250824s9999 xx 000 0 und d
245 0 _aÇAĞLAYANLAR
_cANONİM
260 _bİSKELE YAYINLARI
999 _c903587
_d903587